000 00460nam a2200181Ia 4500
001 2425
005 20260306144806.0
008 260306t2016||||xx |||||||||||||| ||spa||
041 _aESP
082 _a616.89
_bO693
100 _aOyebode, Femi
_eAUT
245 0 _aSIMS. Síntomas mentales:
_bmanual de psicopatología descriptiva
260 _c2016
300 _aviii, 366 páginas :
_c23 cm.
650 _aGEN
654 _aCPS
942 _cLIB
_dJUS
_fJUS
_2ddc
_n
999 _c2425
_d2425